00683nam a22001337a 450000500170000000800410001705000330005810000190009124501680011026000340027830000180031250000400033065001790037020250812112730.0250812b |||||||| |||| 00| 0 eng d aTHE LB 1028.3 .L36 2006bC.1 aLangat, Benard aA Study of Teachers' Perception of Communication and Information Technology (ICT) in Their Productivity: A Case of Secondary School Teachers in Nakuru Municipality aKisiibKisii Universityc2006 aix, 42p.:ill. aIncludes bibliographical references a1. Educational technology—Kenya. 2. Information technology—Study and teaching—Kenya. 3. Teachers—Attitudes—Kenya. 4. Teaching—Effect of technological innovations.